O przezwiskach nauczycieli na Wileńszczyźnie

Titel: O przezwiskach nauczycieli na Wileńszczyźnie
Verfasser:
In: Nazwy własne na pograniczach kulturowych, (2000), Seite 73-76
alle Artikel anzeigen
Veröffentlicht: 2000
Format: Aufsatz
Sprache: Polnisch
Kein Bild verfügbar
X
alg: 39365871
001A    $01999:12-11-16 
001B    $01999:25-05-21 $t21:46:14.000 
001D    $01999:12-11-16 
001U    $0utf8 
001X    $00 
002@    $0Aox 
003@    $0393658716 
007A    $0393658716 $aHEB 
007T    $0Herdk22984 
010@    $apol 
011@    $a2000 
021A    $aO przezwiskach nauczycieli na Wileńszczyźnie 
028A    $aDwilewicz $dBarbara 
031A    $h73-76 $j2000 
039B    $aIn $8--Aay--. Nazwy własne na pograniczach kulturowych. - Białystok : Uniw. w Białymstoku, Inst. Filologii Wschodnioslowianskie, 2000. - 302 S.. - Kt.. - ISBN 83-88463-08-x $x200000000000000927 $9113201818 
045F    $a307.094793 $eDDC23BSB 
045F/01 $a307.09 
045F/03 $g4793 
045F/03 $g438 

lok: 39365871 78

exp: 39365871 78 1 #EPN
201B/01 $013-06-18 $t22:47:39.000 
201U/01 $0utf8 
203@/01 $0789769204 
208@/01 $a12-11-16 $be 
209A/01 $a/ $f000 $x00 
220C/01 $aTitelaufnehmer: pbb 
220C/01 $aHerkunft: IH PAN/PBB Kraków 
244Z/01 $2Trx $#Poola $#Lenkija $#Polija $#Polen Land $#Poland $#Lengyelország $#Poľsko $#Polsko $8--Trx--Polska$gkraj $x01 $9391345966 
244Z/01 $2Trx $#Litauen $#Lithuania $#Litwa $#Litva $#Litva $8--Trx--Lietuva $x02 $9391193457 
244Z/01 $#Wilna, Region $#Wileńszczyzna $#Vilniaus kraštas $#Vilnius, kraštas $#Vilnius, region $#Wilna, Gebiet $#Wilno, okręg $#Wilno, region $#Wilno, ziemia $#Ziemia Wileńska $#Vilniaus žemė $74227940-9 $8--Tg1--Vilnius$zRegion $x03 $9086188445 
244Z/01 $aGeschichte 1500-2000 $x04 
244Z/01 $2Trx $#õpetajad $#mokytojai $#teachers $#tanárok $#nauczyciele $#učitelia $#učitelé $8--Trx--Lehrer $x05 $9391382780 
244Z/01 $2Trx $#nimeteadus isikud $#onomastika asmenvardžiai $#onomatology personal names $#névtan személyek $#onomastyka, osoby $#onomastika osoby $#onomastika jména osob $#Anthroponomastik $#antroponomastyka $#antroponomastika $8--Trx--Namenkunde$gPersonen $x06 $9391382993 
244Z/01 $2Trx $8--Trx--Einzelbeiträge $x07 $9391384570 
245Z/01 $a13.02 $x01 
247C/01 $82080>Marburg/Lahn, Herder-Institut, Forschungsbibliothek, Bibliographieportal $9336309341
LEADER 00000caa a22000002c 4500
001 393658716
003 DE-603
005 20210525214614.0
007 tu
008 161112s2000 xx |||| | u00||u|pol c
035 |a (DE-599)HEB393658716 
040 |a DE-603  |b ger  |c DE-603  |d DE-603 
041 |a pol 
082 0 4 |8 1\u  |a 307.094793  |q DE-101  |2 23/BSB 
085 |8 1\u  |b 307.09 
085 |8 1\u  |z 2  |s 4793 
085 |8 1\u  |z 2  |s 438 
100 1 |a Dwilewicz, Barbara 
245 0 0 |a O przezwiskach nauczycieli na Wileńszczyźnie 
264 0 |c 2000 
773 0 8 |i In  |t Nazwy własne na pograniczach kulturowych  |d Białystok : Uniw. w Białymstoku, Inst. Filologii Wschodnioslowianskie, 2000  |h 302 S., Kt.  |z 838846308x  |g (2000), Seite 73-76  |w (DE-603)113201818 
924 0 |9 2080  |a (DE-603)789769204  |b DE-2080  |c HES  |d d  |g /